Central Library OPAC University of Rajshahi

Light / (Record no. 8790)

MARC details
000 -LEADER
fixed length control field 00744cam a22002651 4500
001 - CONTROL NUMBER
control field 8790
003 - CONTROL NUMBER IDENTIFIER
rucl marc code BD-RjUL
005 - DATE AND TIME OF LATEST TRANSACTION
control field 20211208234643.0
008 - FIXED-LENGTH DATA ELEMENTS--GENERAL INFORMATION
fixed length control field 140119r19671963nyua b 001 0 eng
035 ## - SYSTEM CONTROL NUMBER
System control number (BD-RjUL)8835
System control number (OCoLC)6872467
040 ## - CATALOGING SOURCE
Original cataloging agency DLC
Transcribing agency ICSU
Modifying agency OCoLC
-- DLC
-- BD-RjUL
Language of cataloging eng
041 ## - LANGUAGE CODE
Language code of text/sound track or separate title eng
082 ## - DEWEY DECIMAL CLASSIFICATION NUMBER
Classification number 535
Author mark and year DIL 1967
100 1# - MAIN ENTRY--PERSONAL NAME
Personal name Ditchburn, R. W.
9 (RLIN) 27332
245 10 - TITLE STATEMENT
Title Light /
Statement of responsibility, etc. by R.W. Ditchburn.
250 ## - EDITION STATEMENT
Edition statement 2d ed.
260 ## - PUBLICATION, DISTRIBUTION, ETC. (IMPRINT)
Place of publication, distribution, etc. London :
Name of publisher, distributor, etc. Blackie & Son,
Date of publication, distribution, etc. c1963 [Reprint 1964,1967].
300 ## - PHYSICAL DESCRIPTION
Pagination :
Illustrations ill. ;
Size 22 cm.
504 ## - BIBLIOGRAPHY, ETC. NOTE
Bibliography, etc Includes bibliographies & Index.
505 0# - FORMATTED CONTENTS NOTE
Formatted contents note Vol. 1 , Chapter I-XII -- V. 2, Chapter XIII-XX
650 #0 - SUBJECT ADDED ENTRY--TOPICAL TERM
Topical term or geographic name as entry element Light.
9 (RLIN) 27333
942 ## - ADDED ENTRY ELEMENTS (KOHA)
Source of classification or shelving scheme Dewey Decimal Classification
Koha item type Books
Holdings
Lost status Source of classification or shelving scheme Damaged status Not for loan Collection code Permanent Location Current Location Shelving location Date acquired Source of acquisition Cost, normal purchase price Total Checkouts Full call number Date last seen Copy number Koha item type
  Dewey Decimal Classification     Non-fiction Central Library, University of Rajshahi Central Library, University of Rajshahi   24/10/1973 U.S.Govt Gift 0.00   535 DIL V-2 1967 20/01/2014 C-2 Books
  Dewey Decimal Classification     Non-fiction Central Library, University of Rajshahi Central Library, University of Rajshahi   24/10/1973 U.S.Govt Gift     535 DIL V-2 1967 19/09/2016 C-3 Books
  Dewey Decimal Classification     Non-fiction Central Library, University of Rajshahi Central Library, University of Rajshahi   24/10/1973 U.S.Govt Gift     535 DIL V-2 1967 19/09/2016 C-4 Books
  Dewey Decimal Classification     Non-fiction Central Library, University of Rajshahi Central Library, University of Rajshahi   24/10/1973 U.S.Govt Gift     535 DIL V-2 1967 19/09/2016 C-5 Books
  Dewey Decimal Classification     Non-fiction Central Library, University of Rajshahi Central Library, University of Rajshahi   24/10/1973 U.S.Govt Gift     535 DIL V-2 1967 19/09/2016 C-6 Books
  Dewey Decimal Classification     Non-fiction Central Library, University of Rajshahi Central Library, University of Rajshahi   24/10/1973 U.S.Govt Gift     535 DIL V-2 1967 19/09/2016 C-7 Books
  Dewey Decimal Classification     Non-fiction Central Library, University of Rajshahi Central Library, University of Rajshahi   24/10/1973 U.S.Govt Gift     535 DIL V-2 1967 19/09/2016 C-8 Books
  Dewey Decimal Classification     Non-fiction Central Library, University of Rajshahi Central Library, University of Rajshahi   24/10/1973 U.S.Govt Gift     535 DIL V-2 1967 19/09/2016 C-9 Books
  Dewey Decimal Classification     Non-fiction Central Library, University of Rajshahi Central Library, University of Rajshahi   24/10/1973 U.S.Govt Gift     535 DIL V-2 1967 19/09/2016 C-10 Books
  Dewey Decimal Classification   Not For Loan Non-fiction Central Library, University of Rajshahi Central Library, University of Rajshahi   24/10/1973 U.S.Govt Gift     535 DIL V-2 1967 19/09/2016 C-1 Books